[Event "I Festival Capo d'Orso"]
[Site "Portomannu - Palau ITA"]
[Date "2007.05.21"]
[Round "3"]
[White "Piscopo, Pierluigi"]
[Black "Radice, Luca"]
[Result "1/2-1/2"]
[WhiteElo "2392"]
[BlackElo "2070"]
[PlyCount "80"]
[EventDate "2007.05.19"]

1. e4 e6 2. d4 d5 3. Nc3 Bb4 4. e5 Qd7 5. Nh3 b6 6. Nf4 Ba6 7. Bxa6 Nxa6 8. O-O
g6 9. Qe2 Nb8 10. Nd1 h5 11. c4 c6 12. Ne3 Nh6 13. Bd2 Bxd2 14. Qxd2 Na6 15.
Rac1 Kf8 16. Rc3 Kg7 17. cxd5 cxd5 18. Rfc1 Rac8 19. h3 Rxc3 20. Qxc3 Rd8 21.
g3 Qe7 22. a3 Rd7 23. Qd3 Rc7 24. Rxc7 Nxc7 25. h4 Qd7 26. Ne2 Qc6 27. Nc3 Ng8
28. Qd1 Nb5 29. Qa4 a6 30. Ne2 a5 31. Qd1 Ne7 32. a4 Nc7 33. Nc3 b5 34. axb5
Nxb5 35. Na4 Nc7 36. Nc5 Na6 37. Nxa6 Qxa6 38. g4 hxg4 39. Qxg4 Qd3 40. Qg5 Ng8
1/2-1/2

[Event "I Festival Capo d'Orso"]
[Site "Portomannu - Palau ITA"]
[Date "2007.05.21"]
[Round "3"]
[White "Popa, Claudiu"]
[Black "Carola, Paolo"]
[Result "1-0"]
[WhiteElo "2167"]
[BlackElo "1960"]
[PlyCount "117"]
[EventDate "2007.05.19"]

1. e4 e5 2. Nf3 Nf6 3. Nc3 Bb4 4. Nxe5 O-O 5. Nd3 Bxc3 6. dxc3 Nxe4 7. Be2 Nc6
8. O-O d6 9. Be3 Bd7 10. f3 Ng5 11. Qd2 Ne6 12. Rad1 Ne7 13. Bf2 Ng6 14. c4 b6
15. f4 f5 16. Bf3 Rb8 17. g3 Qf6 18. c3 a5 19. Ne1 Ne7 20. Bd4 Nxd4 21. cxd4
Nc6 22. Nc2 Rfe8 23. Qg2 Nb4 24. Nxb4 axb4 25. Qd2 b5 26. Qxb4 bxc4 27. Qxc4+
Be6 28. d5 Bf7 29. b3 Re7 30. Qd4 Ra8 31. Qxf6 gxf6 32. Rd2 Ra5 33. Kf2 Kf8 34.
Re1 Rxe1 35. Kxe1 Ke7 36. Ke2 Rc5 37. h3 Rc3 38. Rd3 Rc2+ 39. Rd2 Rc3 40. b4
Kd8 41. Kf2 Kc8 42. Bd1 Rc4 43. Bc2 Rxb4 44. Bxf5+ Kb7 45. Bxh7 Kb6 46. Ke3 Ra4
47. Be4 Ra3+ 48. Kf2 Kc5 49. Bf3 Rc3 50. h4 f5 51. h5 Ra3 52. h6 Ra8 53. g4
fxg4 54. Be4 Ra3 55. h7 Rh3 56. Rd3 Rh5 57. Kg3 Be8 58. Kxg4 Rh2 59. Rh3 1-0

[Event "I Festival Capo d'Orso"]
[Site "Portomannu - Palau ITA"]
[Date "2007.05.21"]
[Round "3"]
[White "Rombaldoni, Axel"]
[Black "Di Paolo, Raffaele"]
[Result "1-0"]
[WhiteElo "2221"]
[BlackElo "2341"]
[PlyCount "99"]
[EventDate "2007.05.19"]

1. e4 e6 2. d4 d5 3. Nc3 Nf6 4. Bg5 Be7 5. e5 Nfd7 6. h4 Nc6 7. Nf3 Nb6 8. Qd2
a6 9. O-O-O Bd7 10. Rh3 h6 11. Bf4 Na5 12. b3 Bb4 13. Qe3 Rc8 14. Nb1 Bb5 15.
Bxb5+ axb5 16. Rg3 Bf8 17. a3 Ra8 18. Qe2 Qd7 19. Bd2 Qc6 20. Ne1 Ra6 21. Bb4
Bxb4 22. axb4 Nac4 23. bxc4 Nxc4 24. Nd3 Ra2 25. Nc5 b6 26. Nb3 Qa8 27. N3d2
Qa4 28. Nxc4 bxc4 29. Nc3 Qa3+ 30. Kd2 Rb2 31. Rxg7 Rf8 32. Rb1 Rxb1 33. Nxb1
Qxb4+ 34. Nc3 c5 35. Qe3 Ke7 36. Qf4 Qb2 37. Rg3 Qb4 38. Re3 Rg8 39. Rf3 Rf8
40. g4 Kd7 41. g5 cxd4 42. Qxd4 hxg5 43. hxg5 Kc6 44. g6 fxg6 45. Rf6 Rxf6 46.
exf6 Kd7 47. f7 Qe7 48. Qf4 g5 49. Qf3 Qf8 50. Qf6 1-0

[Event "I Festival Capo d'Orso"]
[Site "Portomannu - Palau ITA"]
[Date "2007.05.21"]
[Round "3"]
[White "Schaefer, Michael"]
[Black "Venturino, Marco"]
[Result "1/2-1/2"]
[WhiteElo "2228"]
[BlackElo "2173"]
[PlyCount "99"]
[EventDate "2007.05.19"]

1. d4 d5 2. c4 e6 3. Nf3 c5 4. cxd5 exd5 5. g3 Nc6 6. Bg2 c4 7. O-O Bb4 8. b3
cxb3 9. Qxb3 Nge7 10. Bb2 O-O 11. Ne5 Rb8 12. Rd1 Be6 13. Na3 Bxa3 14. Bxa3 Re8
15. e3 Na5 16. Qb5 f6 17. Bxe7 Rxe7 18. Nd3 a6 19. Qb4 Bf7 20. Nc5 Nc6 21. Qb2
Qa5 22. Rdc1 Qd8 23. Qc3 Na5 24. a4 Nc4 25. Rab1 Qc8 26. a5 Qd8 27. Ra1 Nd6 28.
Qb4 Nb5 29. Na4 Rc7 30. Nb6 Rc6 31. Rc5 Rd6 32. Rac1 Be6 33. Qb3 h6 34. Bxd5
Bxd5 35. Rxd5 Kh8 36. Rdc5 Qe7 37. Qd3 Rdd8 38. Qf5 Nd6 39. Qg6 Nb5 40. Qg4 Qf7
41. h4 Qa2 42. Nd7 Ra8 43. Nxf6 Rf8 44. Ne4 Qxa5 45. Nd6 b6 46. Nf5 Ra7 47. Rc8
Qa3 48. Rxf8+ Qxf8 49. Nxh6 Nd6 50. Rc6 1/2-1/2

[Event "I Festival Capo d'Orso"]
[Site "Portomannu - Palau ITA"]
[Date "2007.05.21"]
[Round "3"]
[White "Schuurman, Petra"]
[Black "Grooten, Herman"]
[Result "1/2-1/2"]
[WhiteElo "2279"]
[BlackElo "2392"]
[PlyCount "32"]
[EventDate "2007.05.19"]

1. d4 Nf6 2. c4 e6 3. Nc3 Bb4 4. Qc2 O-O 5. a3 Bxc3+ 6. Qxc3 b6 7. Bg5 Bb7 8.
f3 h6 9. Bh4 d5 10. cxd5 exd5 11. e3 Re8 12. Bf2 c5 13. Bb5 cxd4 14. Qxd4 Bc6
15. Bd3 Nbd7 16. Ne2 Nc5 1/2-1/2

[Event "I Festival Capo d'Orso"]
[Site "Portomannu - Palau ITA"]
[Date "2007.05.21"]
[Round "3"]
[White "Valenti, Giuseppe"]
[Black "Marin, Irina Luiza"]
[Result "0-1"]
[WhiteElo "2228"]
[BlackElo "2166"]
[PlyCount "86"]
[EventDate "2007.05.19"]

1. e4 d6 2. d4 Nf6 3. Nc3 g6 4. h3 c6 5. Nf3 Bg7 6. Be2 O-O 7. O-O Nbd7 8. e5
Ne8 9. Bg5 dxe5 10. dxe5 Nc7 11. Ne4 Ne6 12. Bh4 Nxe5 13. Qxd8 Rxd8 14. Bxe7
Nxf3+ 15. Bxf3 Bxb2 16. Rab1 Re8 17. Bf6 Ba3 18. Rfd1 a5 19. Rb3 Be7 20. a4 h5
21. c4 Kf8 22. g3 Bxf6 23. Nxf6 Re7 24. Rbd3 Kg7 25. Ne4 f5 26. Nc3 Ra6 27. Re3
Kf6 28. Rd6 Kf7 29. Re5 Ng5 30. Rxe7+ Kxe7 31. Rd3 Nxf3+ 32. Rxf3 Rb6 33. Re3+
Kf6 34. Re8 Be6 35. Ra8 Rb3 36. Ne2 Bxc4 37. Nf4 Rb1+ 38. Kh2 g5 39. Nxh5+ Kg6
40. g4 f4 41. f3 Bd5 42. Rf8 Bxf3 43. Rf6+ Kh7 0-1

[Event "I Festival Capo d'Orso"]
[Site "Portomannu - Palau ITA"]
[Date "2007.05.21"]
[Round "3"]
[White "Weinberg, Emanuele"]
[Black "Puzzoni, Christian"]
[Result "0-1"]
[WhiteElo "1977"]
[BlackElo "2113"]
[PlyCount "82"]
[EventDate "2007.05.19"]

1. d4 d5 2. Nf3 Nc6 3. c4 e5 4. cxd5 Qxd5 5. Nc3 Bb4 6. Bd2 Bxc3 7. Bxc3 e4 8.
Ne5 Nge7 9. Nxc6 Nxc6 10. e3 Be6 11. b3 Qg5 12. Qd2 O-O-O 13. f4 exf3 14. gxf3
Ne5 15. Qf2 Nxf3+ 16. Qxf3 Bd5 17. e4 Bxe4 18. Qxe4 Rhe8 19. Qxe8 Rxe8+ 20. Kd1
Kb8 21. Bd3 c5 22. Bd2 Qd5 23. Kc2 Rc8 24. Bc4 Qe4+ 25. Kb2 a6 26. dxc5 Qd4+
27. Bc3 Qf2+ 28. Ka3 Qxc5+ 29. Bb4 Qh5 30. Rhd1 Ka7 31. Rd7 Rxc4 32. Rxb7+ Kxb7
33. bxc4 Qh3+ 34. Ka4 Qxh2 35. Kb3 h5 36. Re1 Qg3+ 37. Ka4 Qg2 38. Re7+ Kc6 39.
Kb3 Qf3+ 40. Kc2 h4 41. Re8 h3 0-1

[Event "I Festival Capo d'Orso"]
[Site "Portomannu - Palau ITA"]
[Date "2007.05.22"]
[Round "4"]
[White "Aagaard, Jacob"]
[Black "Rombaldoni, Axel"]
[Result "1-0"]
[WhiteElo "2477"]
[BlackElo "2221"]
[PlyCount "77"]
[EventDate "2007.05.19"]

1. e4 c5 2. Nf3 Nc6 3. d4 cxd4 4. Nxd4 e5 5. Nb5 d6 6. N1c3 a6 7. Na3 b5 8. Nd5
Nce7 9. c4 Nxd5 10. exd5 bxc4 11. Nxc4 f5 12. Bd2 a5 13. Qa4+ Bd7 14. Qa3 Qb8
15. Nxa5 Nf6 16. Bc4 Ne4 17. b4 Nxd2 18. Kxd2 Be7 19. Qb3 Qb6 20. Ke2 Bh4 21.
g3 Bf6 22. a4 e4 23. Nc6 f4 24. a5 Bg4+ 25. Kf1 e3 26. Re1 Bh3+ 27. Kg1 Qc7 28.
gxf4 O-O 29. Rxe3 Bd7 30. Kg2 Bh4 31. b5 Rxf4 32. Rf1 Bg4 33. b6 Qf7 34. b7 Rb8
35. Nxb8 Rxf2+ 36. Rxf2 Qxf2+ 37. Kh1 Bh3 38. Re8+ Kf7 39. Qxh3 1-0

[Event "I Festival Capo d'Orso"]
[Site "Portomannu - Palau ITA"]
[Date "2007.05.22"]
[Round "4"]
[White "Adrian, Claude"]
[Black "Moos, Gerd Anton Ferdinand"]
[Result "1-0"]
[WhiteElo "2280"]
[BlackElo "2064"]
[PlyCount "33"]
[EventDate "2007.05.19"]

1. Nf3 d5 2. d4 Nf6 3. c4 e6 4. g3 Bb4+ 5. Bd2 Be7 6. Bg2 O-O 7. O-O c6 8. Qc2
Nbd7 9. Nc3 b6 10. e4 dxe4 11. Nxe4 Nxe4 12. Qxe4 Bb7 13. Rad1 Nf6 14. Qc2 c5
15. dxc5 Bxc5 16. Bc3 Qe7 17. Ng5 1-0

[Event "I Festival Capo d'Orso"]
[Site "Portomannu - Palau ITA"]
[Date "2007.05.22"]
[Round "4"]
[White "Baracca, Paolo"]
[Black "Bieg Pagel, Clemens"]
[Result "0-1"]
[WhiteElo "1894"]
[BlackElo "2011"]
[PlyCount "34"]
[EventDate "2007.05.19"]

1. d4 d5 2. c4 Nc6 3. Nc3 dxc4 4. Nf3 Bg4 5. d5 Bxf3 6. gxf3 Ne5 7. f4 Ng4 8.
e4 f5 9. f3 e6 10. Qa4+ c6 11. fxg4 Qh4+ 12. Kd1 Qxg4+ 13. Be2 Qg2 14. Re1 Nf6
15. dxc6 Rd8+ 16. Bd2 bxc6 17. Qxc6+ Kf7 0-1

[Event "I Festival Capo d'Orso"]
[Site "Portomannu - Palau ITA"]
[Date "2007.05.22"]
[Round "4"]
[White "Bruno, Fabio"]
[Black "Schuurman, Petra"]
[Result "1-0"]
[WhiteElo "2428"]
[BlackElo "2279"]
[PlyCount "61"]
[EventDate "2007.05.19"]

1. Nf3 Nf6 2. c4 e6 3. e3 b6 4. d4 Bb7 5. Bd3 Be7 6. O-O O-O 7. Nbd2 d5 8. b3
Nbd7 9. Bb2 c5 10. Rc1 Rc8 11. Qe2 Ne4 12. Rfd1 Rc7 13. cxd5 exd5 14. Ne5 Nxd2
15. Rxd2 Nf6 16. dxc5 bxc5 17. Ng4 Bc8 18. Nxf6+ Bxf6 19. Ba3 Be7 20. Rdc2 c4
21. Bxe7 Rxe7 22. bxc4 d4 23. c5 dxe3 24. fxe3 Rfe8 25. Rc3 a6 26. Bxa6 Bxa6
27. Qxa6 Re6 28. c6 Qg5 29. Qe2 Rxe3 30. Rxe3 Rxe3 31. c7 1-0

[Event "I Festival Capo d'Orso"]
[Site "Portomannu - Palau ITA"]
[Date "2007.05.22"]
[Round "4"]
[White "Ciampi, Vincenzo"]
[Black "Schaefer, Michael"]
[Result "0-1"]
[WhiteElo "2106"]
[BlackElo "2228"]
[PlyCount "44"]
[EventDate "2007.05.19"]

1. c4 g6 2. Nc3 Nf6 3. e4 e5 4. f4 exf4 5. d4 Bb4 6. Bd3 Nh5 7. Nf3 O-O 8. O-O
Bxc3 9. bxc3 d6 10. Rb1 c5 11. d5 Nd7 12. Be2 Re8 13. Ne1 Ndf6 14. Bxh5 Nxh5
15. Bxf4 Rxe4 16. Bh6 Qe7 17. Nf3 Bg4 18. Qd2 Re2 19. Rxb7 Qe4 20. Qc1 Bxf3 21.
gxf3 Qe5 22. f4 Qe4 0-1

[Event "I Festival Capo d'Orso"]
[Site "Portomannu - Palau ITA"]
[Date "2007.05.22"]
[Round "4"]
[White "Dehmel, Jens"]
[Black "Jones, Alessandro"]
[Result "1/2-1/2"]
[WhiteElo "2107"]
[BlackElo "1962"]
[PlyCount "110"]
[EventDate "2007.05.19"]

1. e4 e5 2. Nf3 Nc6 3. Bb5 a6 4. Ba4 Nf6 5. O-O Nxe4 6. d4 b5 7. Bb3 d5 8. dxe5
Be6 9. Qe2 Be7 10. Rd1 Na5 11. Nbd2 Nxd2 12. Bxd2 Nc4 13. Bxc4 bxc4 14. b3 cxb3
15. axb3 O-O 16. Rxa6 Bg4 17. Rxa8 Qxa8 18. Bc3 c6 19. Ra1 Qc8 20. Qd3 Bf5 21.
Qd2 Qb7 22. Nd4 Bg6 23. e6 Bf6 24. exf7+ Qxf7 25. f3 c5 26. Ne2 d4 27. Bb2 Rd8
28. Ng3 c4 29. bxc4 Qxc4 30. Ne4 Bxe4 31. fxe4 Qb5 32. Ra2 Qc4 33. Ra3 Rb8 34.
Rb3 Rxb3 35. cxb3 Qxb3 36. Bxd4 Qb1+ 37. Kf2 Qxe4 38. Qa2+ Kf8 39. Bxf6 gxf6
40. Qa3+ Kg7 41. Qa7+ Kg6 42. Qe3 Qh4+ 43. Qg3+ Qg5 44. Kf3 Kf5 45. Qh3+ Kg6
46. Qg4 Kf7 47. Qxg5 fxg5 48. Ke4 Kg6 49. Ke5 Kh5 50. Kf6 Kg4 51. Kg7 h5 52.
Kg6 h4 53. h3+ Kf4 54. Kf6 g4 55. hxg4 Kxg4 1/2-1/2

[Event "I Festival Capo d'Orso"]
[Site "Portomannu - Palau ITA"]
[Date "2007.05.22"]
[Round "4"]
[White "Di Paolo, Raffaele"]
[Black "Busquets, Luis"]
[Result "0-1"]
[WhiteElo "2341"]
[BlackElo "2236"]
[PlyCount "124"]
[EventDate "2007.05.19"]

1. e4 c5 2. Nf3 d6 3. d4 cxd4 4. Nxd4 Nf6 5. Nc3 a6 6. Bg5 e6 7. f4 b5 8. e5
dxe5 9. fxe5 Qc7 10. Qe2 Nfd7 11. O-O-O Bb7 12. Qg4 Qb6 13. Bf4 h5 14. Qg3 Nc5
15. Bxb5+ axb5 16. Ndxb5 Ne4 17. Be3 Qa5 18. Nxe4 Qxb5 19. Qg5 Nd7 20. Rxd7
Kxd7 21. Rd1+ Bd5 22. Nc3 Qc6 23. g3 Bb4 24. Nxd5 exd5 25. Qf4 Rxa2 26. Qxb4
Rc8 27. c3 Ra1+ 28. Kc2 Qg6+ 29. Rd3 Qc6 30. Bg5 Qa4+ 31. Qxa4+ Rxa4 32. Rxd5+
Ke6 33. Rb5 Re4 34. Kd3 Rxe5 35. Rb6+ Kf5 36. Be3 f6 37. h3 Rd8+ 38. Bd4 Re1
39. Rb7 g5 40. Rb6 Rf8 41. g4+ hxg4 42. hxg4+ Kxg4 43. Bxf6 Kf5 44. Bd4 g4 45.
Kd2 Re6 46. Rxe6 Kxe6 47. Ke2 Kd5 48. b4 Kc4 49. Bg7 Rf7 50. Bd4 g3 51. Bg1 g2
52. Bf2 Rf5 53. Ke3 Kxc3 54. b5 Rxb5 55. Kf3 Rg5 56. Bg1 Kd3 57. Kf2 Kd2 58.
Bh2 Kd3 59. Bg1 Ke4 60. Bh2 Rg4 61. Bg1 Rg7 62. Bh2 Kf5 0-1

[Event "I Festival Capo d'Orso"]
[Site "Portomannu - Palau ITA"]
[Date "2007.05.22"]
[Round "4"]
[White "Diotallevi, Maurizio"]
[Black "Seger, Ruediger"]
[Result "1/2-1/2"]
[WhiteElo "2137"]
[BlackElo "2399"]
[PlyCount "76"]
[EventDate "2007.05.19"]

1. e4 c6 2. d4 d5 3. exd5 cxd5 4. Bd3 Nc6 5. c3 Nf6 6. Bf4 Bg4 7. Qb3 Qd7 8.
Nd2 e6 9. Ngf3 Bxf3 10. Nxf3 Bd6 11. Bxd6 Qxd6 12. O-O O-O 13. Rfe1 Qc7 14. Qc2
g6 15. Qd2 Rfe8 16. Bb5 Nd7 17. Re2 a6 18. Bxc6 bxc6 19. Rae1 Qd6 20. Qh6 f6
21. Qh3 Nf8 22. Qg3 Qe7 23. Nd2 c5 24. f4 cxd4 25. cxd4 Qd6 26. Qe3 Rac8 27.
Nf3 Rc6 28. Rc1 Rec8 29. Rxc6 Rxc6 30. g3 Kg7 31. Qd2 h6 32. h4 Qc7 33. Kg2 Nd7
34. Ne1 f5 35. Qd3 Nf6 36. Rc2 Ne4 37. Rxc6 Qxc6 38. Qc2 Qb6 1/2-1/2

[Event "I Festival Capo d'Orso"]
[Site "Portomannu - Palau ITA"]
[Date "2007.05.22"]
[Round "4"]
[White "Friedrich, Norbert"]
[Black "Chiarotto, Filippo"]
[Result "1-0"]
[WhiteElo "2317"]
[BlackElo "2056"]
[PlyCount "67"]
[EventDate "2007.05.19"]

1. e4 e6 2. d4 a6 3. Bd3 c5 4. c3 b5 5. Ne2 Bb7 6. O-O Nf6 7. Nd2 Qc7 8. f4
cxd4 9. cxd4 Bb4 10. Ng3 h5 11. e5 Ng4 12. Nb3 Bd5 13. h3 Qb7 14. hxg4 h4 15.
Nh5 Bxg2 16. Rf2 h3 17. Kh2 Rxh5 18. gxh5 Nc6 19. Bd2 Be7 20. Qg4 O-O-O 21. Rc1
Kb8 22. Qxg7 Bh4 23. Rxg2 hxg2 24. Qxg2 Rh8 25. Be2 Qa7 26. Qg7 Rc8 27. Be3 Ne7
28. Rxc8+ Kxc8 29. Qg1 Nf5 30. Bf2 Qb7 31. Qg2 Bxf2 32. Qxf2 Qe4 33. Qf3 Qc2
34. Qc3+ 1-0

[Event "I Festival Capo d'Orso"]
[Site "Portomannu - Palau ITA"]
[Date "2007.05.22"]
[Round "4"]
[White "Godena, Michele"]
[Black "Fierro Baquero, Martha Lorena"]
[Result "1-0"]
[WhiteElo "2558"]
[BlackElo "2339"]
[PlyCount "99"]
[EventDate "2007.05.19"]

1. e4 g6 2. d4 Bg7 3. c3 d6 4. Nf3 Nf6 5. Bd3 O-O 6. O-O Nc6 7. Re1 e5 8. h3
Re8 9. Na3 d5 10. exd5 Nxd5 11. Bg5 f6 12. Bh4 exd4 13. Rxe8+ Qxe8 14. Nb5 a6
15. Nbxd4 Nxd4 16. Nxd4 Kh8 17. Qf3 Qf7 18. Re1 c6 19. c4 Nb4 20. Bf1 c5 21.
Nb3 Nc2 22. Rd1 Nd4 23. Nxd4 cxd4 24. Rxd4 Be6 25. Bg3 f5 26. Rd1 Rf8 27. Bd6
Rd8 28. b3 Kg8 29. c5 g5 30. Qg3 h6 31. Re1 Kh8 32. Be5 f4 33. Qc3 Bd5 34. Rd1
Rd7 35. Be2 Bc6 36. Rd6 Rxd6 37. cxd6 Bxe5 38. Qxe5+ Qg7 39. Qe6 Bd7 40. Qe4
Bc6 41. Qf5 Bd7 42. Qa5 Qa1+ 43. Kh2 Qf6 44. Qc7 f3 45. Bxf3 Qe5+ 46. g3 Qf5
47. Qd8+ Kg7 48. Qe7+ Kh8 49. Kg1 Bb5 50. Be4 1-0

[Event "I Festival Capo d'Orso"]
[Site "Portomannu - Palau ITA"]
[Date "2007.05.22"]
[Round "4"]
[White "Gozzi, Giorgio"]
[Black "Catalini, Giampiero"]
[Result "1/2-1/2"]
[WhiteElo "1879"]
[BlackElo "1996"]
[PlyCount "69"]
[EventDate "2007.05.19"]

1. e4 e6 2. d4 d5 3. Nc3 dxe4 4. Nxe4 Bd7 5. Nf3 Bc6 6. Bd3 Nd7 7. c3 Bxe4 8.
Bxe4 c6 9. Qc2 Ngf6 10. Bg5 Bd6 11. O-O-O Qa5 12. Kb1 O-O-O 13. h3 h6 14. Bxf6
Nxf6 15. Rhe1 Bc7 16. Nd2 Nxe4 17. Qxe4 Qd5 18. Nf3 Qxe4+ 19. Rxe4 Rd5 20. Rde1
Rhd8 21. Kc2 Rf5 22. R1e2 c5 23. dxc5 Rxc5 24. Nd4 Rcd5 25. Nf3 b5 26. Ne5 Bxe5
27. Rxe5 Kc7 28. b3 Kb6 29. Rxd5 Rxd5 30. Re3 Kc5 31. a4 Rf5 32. f3 a6 33. b4+
Kd6 34. a5 Rd5 35. Re2 1/2-1/2

[Event "I Festival Capo d'Orso"]
[Site "Portomannu - Palau ITA"]
[Date "2007.05.22"]
[Round "4"]
[White "Ibba, Isacco"]
[Black "Doggers, Peter"]
[Result "1/2-1/2"]
[WhiteElo "2203"]
[BlackElo "2247"]
[PlyCount "129"]
[EventDate "2007.05.19"]

1. e4 e5 2. f4 exf4 3. Bc4 Nf6 4. Qe2 d5 5. exd5+ Be7 6. Nf3 O-O 7. O-O Re8 8.
d4 Bd6 9. Qd3 Nbd7 10. Bb3 b5 11. Nc3 a6 12. Ng5 h6 13. Ne6 Qe7 14. Bxf4 fxe6
15. dxe6 Nf8 16. Bxd6 cxd6 17. Rxf6 gxf6 18. Nd5 Qg7 19. e7 Ne6 20. Nc7 Rxe7
21. Nxa8 Bb7 22. Qh3 Kh8 23. Bxe6 Rxe6 24. Kf1 f5 25. Nb6 Qxd4 26. Qc3 Qxc3 27.
bxc3 Kg7 28. Rd1 Rg6 29. Nd5 Kf7 30. Nf4 Rg4 31. g3 Ke7 32. Kf2 Be4 33. Rd2 Rg8
34. Nd5+ Bxd5 35. Rxd5 Rc8 36. Rxf5 Rxc3 37. Rh5 Rxc2+ 38. Ke3 Rxa2 39. Rxh6 b4
40. Kd3 d5 41. h4 a5 42. h5 Ra3+ 43. Kd4 Rxg3 44. Ra6 Ra3 45. Ra7+ Kf8 46. Kxd5
Rh3 47. h6 Rxh6 48. Kc4 Rh5 49. Kb3 Ke8 50. Ka4 Kd8 51. Rg7 Kc8 52. Rf7 Rc5 53.
Rh7 Rc7 54. Rh8+ Kd7 55. Kxa5 b3 56. Rb8 Ra7+ 57. Kb4 Kc7 58. Rb5 Kc6 59. Rc5+
Kd6 60. Rc1 Rb7+ 61. Kc3 Rc7+ 62. Kb2 Rxc1 63. Kxc1 Kc5 64. Kb2 Kc4 65. Kb1
1/2-1/2

[Event "I Festival Capo d'Orso"]
[Site "Portomannu - Palau ITA"]
[Date "2007.05.22"]
[Round "4"]
[White "Marin, Irina Luiza"]
[Black "Piscopo, Pierluigi"]
[Result "1-0"]
[WhiteElo "2166"]
[BlackElo "2392"]
[PlyCount "109"]
[EventDate "2007.05.19"]

1. c4 e5 2. g3 Nf6 3. Bg2 d5 4. cxd5 Nxd5 5. Nf3 Nc6 6. O-O Nb6 7. d3 Be7 8.
Nbd2 O-O 9. a3 a5 10. b3 Bg4 11. Bb2 Bd6 12. Ne4 Re8 13. Nxd6 Qxd6 14. Rc1 Nd4
15. Nxd4 exd4 16. Re1 c6 17. Qd2 h6 18. e3 dxe3 19. fxe3 Nd7 20. e4 Ne5 21. Qf4
f5 22. h3 g5 23. Bxe5 Rxe5 24. Qf2 Bh5 25. d4 Ree8 26. e5 Qd7 27. d5 cxd5 28.
Qb6 Ra6 29. Qc7 Qf7 30. g4 fxg4 31. hxg4 Bxg4 32. Qxf7+ Kxf7 33. Bxd5+ Be6 34.
Rc7+ Re7 35. Rf1+ Ke8 36. Bxb7 Rxc7 37. Bxa6 Bxb3 38. Rf6 Re7 39. Rb6 a4 40.
Rb5 Kf7 41. Bc8 Kg6 42. Kf2 Be6 43. Bxe6 Rxe6 44. Ke3 Kf5 45. Kd4 g4 46. Rb8
Re7 47. Rf8+ Kg6 48. Kd5 Rd7+ 49. Kc6 Rg7 50. e6 g3 51. Kd6 g2 52. e7 Rxe7 53.
Kxe7 Kg7 54. Rf7+ Kg6 55. Kf8 1-0

[Event "I Festival Capo d'Orso"]
[Site "Portomannu - Palau ITA"]
[Date "2007.05.22"]
[Round "4"]
[White "Marin, Mihail"]
[Black "Kekki, Petri"]
[Result "1-0"]
[WhiteElo "2533"]
[BlackElo "2366"]
[PlyCount "129"]
[EventDate "2007.05.19"]

1. c4 e6 2. g3 d5 3. Bg2 c6 4. d4 dxc4 5. Nf3 Nd7 6. a4 Bb4+ 7. Bd2 a5 8. Qc2
Qe7 9. Na3 Bxd2+ 10. Qxd2 Nb6 11. Ne5 Nf6 12. Naxc4 Nxc4 13. Nxc4 Qb4 14. Qxb4
axb4 15. Kd2 Ke7 16. Kc2 Rd8 17. Rhd1 Bd7 18. Kb3 Nd5 19. a5 Ra7 20. Bxd5 exd5
21. Nb6 Kd6 22. Kxb4 Re8 23. Rd2 Ra6 24. Kc3 Re6 25. b4 Rh6 26. Rh1 Rf6 27. f3
Bh3 28. g4 Rh6 29. Rg1 Rh4 30. Rg3 g6 31. e3 f6 32. Re2 f5 33. gxf5 Bxf5 34.
Kd2 Ke6 35. Kc3 Kf7 36. Rg1 Kf6 37. Rge1 Rh3 38. Rf2 Kg7 39. Kd2 Rh4 40. Rfe2
Kh6 41. e4 Be6 42. Rg1 g5 43. Rg3 Kg6 44. Ke3 h6 45. Rf2 Rf4 46. Rg1 Kh5 47.
Rg3 Kg6 48. exd5 Bxd5 49. Rg4 Rf7 50. h4 Be6 51. Rg1 Rf5 52. f4 g4 53. Rxg4+
Kh5 54. Rg7 Rb5 55. Re7 Bd5 56. Rb2 Raxa5 57. bxa5 Rxb2 58. Nxd5 cxd5 59. f5
Rb4 60. Rg7 Rb1 61. Kf4 Re1 62. f6 Re4+ 63. Kf5 Rxd4 64. f7 Rd1 65. Rg4 1-0

[Event "I Festival Capo d'Orso"]
[Site "Portomannu - Palau ITA"]
[Date "2007.05.22"]
[Round "4"]
[White "Matamoros Franco, Carlos S."]
[Black "Djuric, Stefan"]
[Result "1/2-1/2"]
[WhiteElo "2523"]
[BlackElo "2460"]
[PlyCount "29"]
[EventDate "2007.05.19"]

1. c4 c5 2. g3 Nc6 3. Bg2 g6 4. Nc3 Bg7 5. a3 d6 6. Rb1 h5 7. Nf3 Nd4 8. h3
Nxf3+ 9. Bxf3 Nf6 10. d3 O-O 11. Bg2 a6 12. O-O Rb8 13. b4 cxb4 14. axb4 b5 15.
cxb5 1/2-1/2

[Event "I Festival Capo d'Orso"]
[Site "Portomannu - Palau ITA"]
[Date "2007.05.22"]
[Round "4"]
[White "Mercandelli, Claudio"]
[Black "Grosse Honebrink, Brigitte"]
[Result "1-0"]
[WhiteElo "1988"]
[BlackElo "1945"]
[PlyCount "95"]
[EventDate "2007.05.19"]

1. c4 e6 2. d4 d5 3. Nc3 Nf6 4. cxd5 exd5 5. Bg5 Be7 6. e3 O-O 7. Bd3 c6 8. Qc2
h6 9. Bh4 Re8 10. Nge2 Nbd7 11. Rb1 Ne4 12. Bxe7 Qxe7 13. Bxe4 dxe4 14. b4 Nf6
15. a4 Bd7 16. Nf4 Rac8 17. Qb3 Be6 18. Nxe6 Qxe6 19. Qxe6 Rxe6 20. Rc1 Rd8 21.
Ke2 Nd5 22. Nxd5 Rxd5 23. Rc5 Rd7 24. Rhc1 g6 25. g4 Kg7 26. b5 cxb5 27. Rxb5
Ra6 28. a5 b6 29. axb6 Rxb6 30. Rxb6 axb6 31. Rb1 Rb7 32. Rb5 f6 33. h4 Kf7 34.
h5 gxh5 35. Rxh5 Ra7 36. Rb5 Ra6 37. Kf1 Ke7 38. Kg2 Kd7 39. Kg3 Kc6 40. Rf5 b5
41. Rxf6+ Kb7 42. Rf7+ Kb6 43. Kf4 b4 44. Rf6+ Ka5 45. Rxa6+ Kxa6 46. Kxe4 Kb5
47. Kd3 Ka4 48. Kc2 1-0

[Event "I Festival Capo d'Orso"]
[Site "Portomannu - Palau ITA"]
[Date "2007.05.22"]
[Round "4"]
[White "Mogranzini, Roberto"]
[Black "Shytaj, Luca"]
[Result "1/2-1/2"]
[WhiteElo "2421"]
[BlackElo "2451"]
[PlyCount "64"]
[EventDate "2007.05.19"]

1. e4 c5 2. Nf3 Nf6 3. Nc3 d5 4. exd5 Nxd5 5. Ne4 e6 6. d4 cxd4 7. Nxd4 Be7 8.
Be2 O-O 9. O-O Qb6 10. c3 Rd8 11. Qb3 e5 12. Qxb6 Nxb6 13. Nb3 Nc6 14. a4 Nd5
15. Rd1 Bf5 16. f3 Rab8 17. g3 h6 18. Bd2 Bg6 19. Be1 f5 20. Nec5 Bf7 21. Bf2
b6 22. Na6 Rbc8 23. Nd2 Na5 24. Bb5 Bg6 25. Nf1 e4 26. f4 Bf6 27. Ne3 Nb3 28.
Rab1 Nxe3 29. Bxe3 Be7 30. Bd7 Rc4 31. Bb5 Rcc8 32. Bd7 Rc4 1/2-1/2

[Event "I Festival Capo d'Orso"]
[Site "Portomannu - Palau ITA"]
[Date "2007.05.22"]
[Round "4"]
[White "Naumkin, Igor"]
[Black "Glienke, Manfred"]
[Result "1-0"]
[WhiteElo "2497"]
[BlackElo "2312"]
[PlyCount "85"]
[EventDate "2007.05.19"]

1. d4 d5 2. c4 e6 3. Nf3 Nf6 4. Bg5 Be7 5. e3 O-O 6. Nc3 Nbd7 7. Rc1 c6 8. Bd3
dxc4 9. Bxc4 Nd5 10. Bxe7 Qxe7 11. Ne4 N5f6 12. Ng3 c5 13. O-O b6 14. e4 cxd4
15. e5 Nd5 16. Bxd5 exd5 17. Nf5 Qb4 18. Re1 Nc5 19. Ne7+ Kh8 20. Nxd5 Qxb2 21.
Rc2 Qa3 22. Nxd4 Bb7 23. Re3 Qa4 24. Nc3 Qd7 25. Rd2 Rad8 26. f4 Qe7 27. Nf5
Rxd2 28. Qxd2 Rd8 29. Nd6 Kg8 30. Qe1 Bc6 31. f5 Qg5 32. Qf2 Kf8 33. h3 h5 34.
Rg3 Qc1+ 35. Kh2 Qh6 36. Qd4 Rd7 37. e6 h4 38. Rg4 fxe6 39. Rg6 Qh5 40. Qe5 Ba8
41. Ne2 Bd5 42. Nf4 Qd1 43. fxe6 1-0

[Event "I Festival Capo d'Orso"]
[Site "Portomannu - Palau ITA"]
[Date "2007.05.22"]
[Round "4"]
[White "Orlov, Andrey"]
[Black "Pantaleoni, Claudio"]
[Result "1-0"]
[WhiteElo "2447"]
[BlackElo "2219"]
[PlyCount "87"]
[EventDate "2007.05.19"]

1. e4 e5 2. Nf3 Nc6 3. Nc3 Nf6 4. d4 exd4 5. Nxd4 Bb4 6. Nxc6 bxc6 7. Bd3 O-O
8. O-O d5 9. exd5 cxd5 10. Bg5 c6 11. Ne2 Bd7 12. c4 Bd6 13. Nc3 Be6 14. Rc1 h6
15. cxd5 cxd5 16. Bh4 Rb8 17. Nb5 Bf4 18. Rc2 Bd7 19. Nc3 Bg4 20. Qb1 Rb6 21.
Re1 Re6 22. h3 Rxe1+ 23. Qxe1 Re8 24. Qf1 Be6 25. Bb5 Rf8 26. Qd3 Bg5 27. Bxg5
hxg5 28. Qd4 Qc7 29. Bd3 Qd7 30. Nb5 a6 31. Nc7 a5 32. Qe5 g4 33. h4 d4 34. h5
Rc8 35. h6 gxh6 36. Qxf6 Rxc7 37. Qxh6 Rxc2 38. Bh7+ Kh8 39. Bxc2+ Kg8 40. Bh7+
Kh8 41. Bd3+ Kg8 42. Qg5+ Kh8 43. Qxa5 Bd5 44. Qc5 1-0